Statistiques concernant Les 50... Personnages Simpson

Cliquez ici pour prendre le quiz!

Statistiques générales

  • Ce quiz a été pris 184 fois
  • Le résultat moyen est 29 sur 50

Statistiques - réponses

Réponse% Correct
Bartholomew Jo-Jo « Bart » Simpson
100%
Marjorie « Marge » Bouvier Simpson
100%
Elisabeth Marie « Lisa » Simpson
99%
Homer Jay Simpson
99%
Margaret Eve « Maggie » Simpson
95%
Charles Montgomery Burns
94%
Nedward "Ned" Flanders
89%
Apu nahasapeemapetilon
86%
Milhouse Mussolini Van Houten
84%
Moe Szyslak
84%
Abraham « Abe » Simpson
82%
Krusty le Clown
82%
Selma Bouvier
82%
Petit papa Noël
80%
Tahiti Bob
76%
Duffman
72%
Nelson Muntz
70%
Patty Bouvier
70%
Carl Carlson
69%
Ralph Wiggum
68%
Lenny leonard
66%
Boule de neige
65%
Seymour Skinner
61%
Otto Mann
59%
Waylon Smithers
59%
Willie
57%
Maude Flanders
54%
Edna Krapabelle
52%
Gros Tony
51%
Todd Flanders
50%
Clancy Wiggum
49%
Martin Prince
48%
Rod Flanders
48%
Cletus Spuckler
47%
Timothy Lovejoy
45%
Le Serpent
41%
Joe Quimby
40%
Disco Stu
37%
Lou
34%
Kent Brockman
32%
Barney Gumble
27%
Professeur Frink
27%
Tahiti Mel
26%
Hans taupeman
25%
Julius Hibbert
24%
Jimbo Jones
22%
Eddie
21%
Itchy & Scratchy
21%
Dolph Starbeam
7%
Doris Peterson
3%

Distribution des résultats

Percentile par nombre de réponses

% des personnes avec chaque résultat

Votre développement - résultats

Vous n’avez pas pris ce quiz